| 000 | 00543nam a2200193Ia 4500 | ||
|---|---|---|---|
| 008 | 120829t1961 xxu||||| |||| 00| 0 sin d | ||
| 041 | _asin | ||
| 080 |
_a8 S. 03 : 820 _bSTE |
||
| 100 | _aStevenson, R. L. | ||
| 245 | _aළමා කොල්ලය | ||
| 246 | _aLama Kollaya | ||
| 260 |
_aM. D. Gunasena _aColombo _c1961 |
||
| 300 | _b234p, 18 cm | ||
| 500 | _aSinhalese Translation of R. L. Stevenson's of Kidnapped | ||
| 700 |
_aPathirage, Padmasena _etr. |
||
| 942 | _cBK | ||
| 999 |
_c39455 _d39455 |
||
| 003 | LK-CoDNM | ||
| 040 |
_aLK-CoDNM _dLK-CoDNM _eLK-CoDNM |
||